000
00349nam a2200157Ia 4500
008
210210b1962 xxu||||| |||| 00| 0 eng d
041
_a
eng
082
_a
825/428
100
_a
HOLBROOK (David)
245
_a
Llaregub Rev
260
_a
London
_b
-
_c
1962
650
_a
Rev
650
_a
Llaregub
690
_a
English Criticism
906
_a
014744
999
_c
133963
_d
133963